| Поле | Инд. | ПП | Название | Значение |
|---|---|---|---|---|
| Тип записи | a | |||
| Библиографический уровень | a | |||
| 001 | Контрольный номер | RU/IS/BASE/135097014 | ||
| 005 | Дата корректировки | 20240319094107.2 | ||
| 008 | Кодируемые данные | 19981104 | ||
| 040 | 00 | e | Правила каталог. | Т 981104 |
| 084 | a | Индекс другой классификации/Индекс ББК | 63.3(2)4; 63.3(2)4ю12; 63.51(0)4ю1; 63.1(0)4 | |
| 090 | 00 | a | Полочн. индекс | 63.3(0)3я43 |
| x | Авторский знак | В 387 | ||
| 100 | 10 | a | Автор | Дьяконов А. П. |
| 245 | 00 | a | Заглавие | Известия Псевдо-Захарии о древних славянах |
| 650 | 04 | a | Основная рубрика | историческая этнология (историческая этнография) |
| a | Основная рубрика | исторические науки | ||
| a | Основная рубрика | история | ||
| a | Основная рубрика | этнология (этнография) | ||
| 653 | 00 | a | Ключевые слова | Древняя Русь |
| a | Ключевые слова | исследования | ||
| a | Ключевые слова | исторические источники | ||
| a | Ключевые слова | происхождение | ||
| a | Ключевые слова | сирийская историография | ||
| a | Ключевые слова | славяне | ||
| a | Ключевые слова | средние века | ||
| a | Ключевые слова | теории | ||
| 773 | 00 | d | Дата издания источника | Москва, 1939 |
| g | Прочая информация | Т.3(8), 4(9). - С. 83-90 | ||
| t | Заглавие источника | Вестник древней истории | ||
| w | Контрольный № источника | RU/IS/BASE/101818640 | ||
| 901 | t | Тип документа | a |